00369nam a2200109Ia 4500008004100000082000800041100002000049245007200069942000600141952009700147999001500244240331s9999 xx 000 0 und d bMEL aVijelakshmu. ed 0aMelum :bA journal of Tamil Academics for Aesthetics and Literature cL 001040708LaWERCLbWERCLcSSCd2024-03-31l0o 305.4 MELp3209r2024-03-31w2024-03-31yL c1672d1672